000 02156cam a2200169 4500500
005 20260329012341.0
041 _afre
042 _adc
100 1 0 _aLarguier, Gilbert
_eauthor
245 0 0 _aJean-Paul Poisson, Essais de notariologie, Paris, Economica, 2002, 435 p.
260 _c2003.
500 _a99
520 _aFR – Les savoirs spécialisés des techniciens en identité judiciaire sont essentiels à leur travail d’inspection des scènes d’incident. Toutefois, la façon dont ces savoirs sont acquis et transmis demeure largement méconnue. Cette étude vise ainsi à mieux comprendre les modes de construction des savoirs spécialisés qui sont valorisés et déployés par ces acteurs. Basés sur une enquête de terrain (18 entretiens et 165 heures d’observation) auprès de 19 techniciens du Québec (Canada), les résultats suggèrent le primat perçu de l’expérience et de la socialisation professionnelle informelle sur la formation académique, ce qui ouvre la voie à une réflexion sur la formation et la professionnalisation du métier.
520 _aEN – ‘By doing it over and over again, you know what’s good’: A fieldwork study on how crime scene examiners construct specialized knowledge – The specialized knowledge of crime scene examiners (CSEs) is essential to the investigation of incident scenes. However, the ways in which this knowledge is acquired and transmitted remain largely unknown. This study thus aims to better understand the modes of knowledge construction that are valued and enacted by CSEs. Based on fieldwork research (18 semi-structured interviews and 165 hours of participant observation) with 19 CSEs in Quebec (Canada), the results suggest a perceived primacy of experience and informal professional socialization over the course of academic training, raising questions about the professionalisation of crime scene investigation and the role of formal education.
786 0 _nDix-septième siècle | 219 | 2 | 2003-06-01 | p. 357l-376l | 0012-4273
856 4 1 _uhttps://shs.cairn.info/revue-dix-septieme-siecle-2003-2-page-357l?lang=fr&redirect-ssocas=7080
999 _c1870216
_d1870216